000 00505nam a2200169Ia 4500
003 GCL
008 140319s9999 xx 000 0 ara d
040 _aGCL /
_cGCL
082 0 4 _a842.008
_bس ف
100 1 _aساسترى، الفونس
245 1 0 _aفصيلة اعدام /
_cساسترى، الفونس
700 1 _aاحمد يونس
300 _a142 ص
650 0 4 _aالادب الفرنسى المترجم
650 0 4 _aالمسرحيات الفرنسية المترجمة
942 _2ddc
_cBK
999 _c44429
_d44429